000 00433nam a2200181Ia 4500
005 20250923144429.0
008 008 250917s9999 xx 000 0 eng d
037 _aTextual
040 _aDSWL
_beng
_cDSWL
041 _aeng
_2eng
084 _qDSWL
245 0 _aFirst report of the ILO to the United Nations
_cby ILO
260 _c1947
365 _aINR
_b4
925 _g4
942 _cTEXL
999 _c1438779
_d1438779